000 00875nas a2200301 4500
001 BR0202685
003 BR-BrBNA
005 20231205103006.0
007 ta
008 230509b bl.|||p| |||| 00| 00por d
040 _aBR-BrBNA
_bpor
_cBiblioteca Nacional de Agricultura
041 _a(Pt)
072 _aL74
100 1 _aReis Júnior, J.L.
100 1 _aSilva, F.L.
100 1 _aRachid, M.A.
100 1 _aNogueira, R.H.G.
245 1 _aAmiloidose renal em cão Shar-Pei: Relato de caso
650 _aCÃO
650 _aRIM
650 _aLESÃO
650 _aANÁLISE DE LABORATÓRIO
650 _aFIBROSE
650 _aDISTÚRBIO GENÉTICO
773 0 _tArquivo Brasileiro de Medicina Veterinária e Zootecnia (Brazil)
_xISSN 0102-0935
_g(Aug 2001), v. 53(4) p. 420-423
_wBR0202685
909 _a202311
_bLúcia
_c55
_dLúcia Elande
942 _2AGRIS
_n0
_cANA
999 _c170447
_d170447